[Event "3rd Yerevan Open A 2021"]
[Site "Yerevan ARM"]
[Date "2021.10.18"]
[EventDate "?"]
[Round "5.6"]
[Result "1-0"]
[White "D Gukesh"]
[Black "Nikoloz Petriashvili"]
[WhiteElo "2640"]
[BlackElo "2432"]
[PlyCount "74"]

1. d4 Nf6 2. c4 g6 3. Nc3 d5 4. cxd5 Nxd5 5. e4 Nxc3 6. bxc3 Bg7 7. Bc4 c5 8. Ne2 O-O 9. Be3 Nc6 10. O-O e6 11. dxc5 Qa5 12. f4 Rd8 13. Qe1 Qa4 14. Bb3 Qxe4 15. Ng3 Qd3 16. Rc1 b6 17. cxb6 Bb7 18. bxa7 Qa6 19. Ne4 Nxa7 20. Nc5 Qc6 21. Qf2 Ba6 22. c4 Qc8 23. Na4 Qc6 24. Rfd1 Rxd1+ 25. Rxd1 Qc7 26. Nb6 Rd8 27. Nd5 Qb7 28. Bxa7 exd5 29. cxd5 Bf8 30. Bc5 Qc7 31. Bxf8 Kxf8 32. Qd4 Kg8 33. d6 Qd7 34. Re1 Rf8 35. Re7 Qb5 36. h3 Qf1+ 37. Kh2 1-0

[Event "3rd Yerevan Open A 2021"]
[Site "Yerevan ARM"]
[Date "2021.10.19"]
[EventDate "?"]
[Round "6.3"]
[Result "0-1"]
[White "Artur Davtyan"]
[Black "D Gukesh"]
[WhiteElo "2453"]
[BlackElo "2640"]
[PlyCount "98"]

1. d4 Nf6 2. c4 e6 3. Nf3 d5 4. Nc3 Bb4 5. cxd5 exd5 6. Bg5 O-O 7. Rc1 h6 8. Bh4 Bf5 9. Qb3 Bxc3+ 10. bxc3 Nbd7 11. Qxb7 c5 12. e3 c4 13. Be2 Qa5 14. O-O Rab8 15. Qc6 g5 16. Nxg5 hxg5 17. Bxg5 Ne4 18. Be7 Rfc8 19. Qh6 Qb6 20. Qh4 Qe6 21. Bb4 Qf6 22. Qf4 Qg6 23. g4 Be6 24. f3 Nef6 25. h4 Nh5 26. Qh2 f5 27. Qg2 fxg4 28. fxg4 Nhf6 29. Rf4 a5 30. Ba3 Rb1 31. g5 Rxc1+ 32. Bxc1 Ne4 33. h5 Qg7 34. Bg4 Re8 35. Bxe6+ Rxe6 36. Rf5 Nxc3 37. Bb2 Ne4 38. Rxd5 c3 39. Ba3 Re8 40. Rxa5 Nb6 41. Ra6 Qb7 42. Qf1 Ng3 43. Qd3 Qh1+ 44. Kf2 Ne4+ 45. Ke2 Qg2+ 46. Ke1 c2 47. Qb3+ Kh8 48. Qf7 Qg1+ 49. Ke2 Qd1# 0-1

[Event "3rd Yerevan Open A 2021"]
[Site "Yerevan ARM"]
[Date "2021.10.20"]
[EventDate "?"]
[Round "7.2"]
[Result "0-1"]
[White "D Gukesh"]
[Black "Abhimanyu Puranik"]
[WhiteElo "2640"]
[BlackElo "2568"]
[PlyCount "98"]

1. d4 Nf6 2. c4 g6 3. Nc3 d5 4. cxd5 Nxd5 5. e4 Nxc3 6. bxc3 Bg7 7. Bb5+ c6 8. Ba4 a5 9. Nf3 O-O 10. O-O b5 11. Bb3 a4 12. Bc2 c5 13. Rb1 Ba6 14. Bd3 Qd7 15. Ba3 b4 16. cxb4 Bxd3 17. Qxd3 cxd4 18. b5 Rc8 19. e5 Ra7 20. Rfc1 Rac7 21. Rxc7 Rxc7 22. Qe4 d3 23. Qxa4 d2 24. Rd1 Bh6 25. h4 Rc1 26. Bxc1 dxc1=Q 27. Rxc1 Bxc1 28. Qc4 Qd1+ 29. Kh2 Nd7 30. e6 fxe6 31. Qxe6+ Kf8 32. Qc6 Nf6 33. b6 Bf4+ 34. g3 Bd6 35. Ng5 Qf1 36. Ne6+ Kf7 37. Ng5+ Kg8 38. Qf3 Bb8 39. Qb3+ Kh8 40. Qb2 Kg8 41. Qb3+ Kg7 42. Ne6+ Kh8 43. Qb2 Kg8 44. Qd4 h6 45. b7 Ba7 46. g4 Bb8+ 47. Nf4 Kh7 48. g5 hxg5 49. hxg5 Nh5 0-1

[Event "3rd Yerevan Open A 2021"]
[Site "Yerevan ARM"]
[Date "2021.10.21"]
[EventDate "?"]
[Round "8.4"]
[Result "1/2-1/2"]
[White "Venkataraman Karthik"]
[Black "D Gukesh"]
[WhiteElo "2483"]
[BlackElo "2640"]
[PlyCount "52"]

1. d4 Nf6 2. c4 e6 3. Nf3 d5 4. g3 Be7 5. Bg2 O-O 6. Nc3 c6 7. O-O b6 8. b3 Ba6 9. Qd3 Nbd7 10. Bb2 Bb4 11. a3 Bd6 12. Rfd1 Qe7 13. e4 dxc4 14. bxc4 e5 15. Ne2 exd4 16. Nfxd4 Ne5 17. Qc3 Bc7 18. a4 Rfd8 19. Nf4 Qd6 20. Qc2 Qc5 21. Ba3 Qxc4 22. Qxc4 Nxc4 23. Nxc6 Rxd1+ 24. Rxd1 Bxf4 25. e5 Nxa3 26. exf6 Re8 1/2-1/2

[Event "3rd Yerevan Open A 2021"]
[Site "Yerevan ARM"]
[Date "2021.10.22"]
[EventDate "?"]
[Round "9.4"]
[Result "1/2-1/2"]
[White "Mamikon Gharibyan"]
[Black "D Gukesh"]
[WhiteElo "2471"]
[BlackElo "2640"]
[PlyCount "60"]

1. d4 Nf6 2. c4 e6 3. Nf3 d5 4. g3 dxc4 5. Bg2 a6 6. O-O Nc6 7. a4 Bb4 8. Na3 c3 9. Qb3 cxb2 10. Bxb2 Be7 11. Nc4 O-O 12. a5 Rb8 13. Rfd1 Bd7 14. Nfe5 Nxe5 15. dxe5 Nd5 16. e4 Nb4 17. Bh3 Nc6 18. Qd3 Be8 19. Qe2 Qc8 20. Qg4 Kh8 21. f4 Nb4 22. Rac1 Bc6 23. Nd6 cxd6 24. exd6 Bf6 25. Bxf6 gxf6 26. Rc4 Na2 27. Qe2 Bb5 28. Qb2 Qxc4 29. Qxf6+ Kg8 30. Qg5+ Kh8 1/2-1/2

[Event "Tata Steel India Blitz"]
[Site "Kolkata IND"]
[Date "2021.11.20"]
[EventDate "2021.11.20"]
[Round "1"]
[Result "1/2-1/2"]
[White "D Harika"]
[Black "D Gukesh"]
[WhiteElo "2511"]
[BlackElo "2621"]
[PlyCount "66"]

1. e4 c6 2. d4 d5 3. exd5 cxd5 4. c3 Nf6 5. Bf4 Nc6 6. Nd2 g6 7. Ngf3 Bg7
8. Be2 O-O 9. O-O Nh5 10. Be3 Qc7 11. Re1 Nf6 12. Bf1 Bf5 13. h3 a6 14. Bg5
h6 15. Bh4 Ne4 16. Nxe4 Bxe4 17. Nd2 Bf5 18. Bg3 Qd7 19. Nf3 Rac8 20. Ne5
Qd8 21. Nxc6 Rxc6 22. Qd2 Qd7 23. Be5 Re8 24. Bxg7 Kxg7 25. Re3 Qd6 26.
Rae1 Rc7 27. Rg3 b5 28. a3 Bd7 29. Bd3 Qf6 30. Rf3 Qd6 31. Rg3 Qf6 32. Rf3
Qd6 33. Rg3 Qf6 1/2-1/2

[Event "Tata Steel India Blitz"]
[Site "Kolkata IND"]
[Date "2021.11.20"]
[EventDate "2021.11.20"]
[Round "2"]
[Result "1-0"]
[White "D Gukesh"]
[Black "Quang Liem Le"]
[WhiteElo "2621"]
[BlackElo "2709"]
[PlyCount "94"]

1. d4 Nf6 2. c4 e6 3. Nf3 d5 4. Nc3 a6 5. cxd5 exd5 6. Bg5 Be6 7. Bxf6 Qxf6
8. Qb3 Ra7 9. a3 Qd8 10. h4 c6 11. Ng5 Bg4 12. e4 h6 13. Nf3 b5 14. O-O-O
Be7 15. exd5 O-O 16. Be2 cxd5 17. Qxd5 Qc8 18. Bd3 Nd7 19. Kb1 Nf6 20. Qb3
Rd8 21. Rc1 Rc7 22. Rhe1 Bxf3 23. gxf3 Rxd4 24. Rxe7 Rxe7 25. Nxb5 Qxc1+
26. Kxc1 axb5 27. Qxb5 g6 28. a4 Kg7 29. b3 Rd5 30. Qc4 Ree5 31. Kb2 Rc5
32. Qb4 Rcd5 33. Bc4 Rd7 34. a5 Rf5 35. a6 Rxf3 36. Qb6 Ne4 37. a7 Rxf2+
38. Qxf2 Nxf2 39. a8=Q Nd1+ 40. Ka3 Ne3 41. Qe4 Nf5 42. Qe5+ Kh7 43. Qe8
Ra7+ 44. Kb2 Re7 45. Qf8 Rd7 46. Bxf7 h5 47. Qg8+ 1-0

[Event "Tata Steel India Blitz"]
[Site "Kolkata IND"]
[Date "2021.11.20"]
[EventDate "2021.11.20"]
[Round "3"]
[Result "0-1"]
[White "Sarin Nihal"]
[Black "D Gukesh"]
[WhiteElo "2650"]
[BlackElo "2621"]
[PlyCount "88"]

1. d4 Nf6 2. c4 e6 3. g3 d5 4. Bg2 Bb4+ 5. Nd2 O-O 6. Ngf3 b6 7. O-O Bb7 8.
Ne5 a5 9. a3 Be7 10. b3 Nbd7 11. Bb2 c5 12. Nxd7 Qxd7 13. dxc5 bxc5 14.
cxd5 Bxd5 15. Qc2 Bxg2 16. Kxg2 a4 17. bxa4 Rxa4 18. Rac1 Rb8 19. Kg1 h6
20. Rfd1 Qc6 21. Nf3 Re4 22. Rb1 Rc8 23. Ne5 Qa8 24. Nc4 Qc6 25. Bxf6 gxf6
26. e3 Rg4 27. Rbc1 Kg7 28. Qe2 Rg6 29. Nd2 h5 30. Nf3 c4 31. Nh4 Rg5 32.
Rc3 Bd8 33. Rdc1 Rc5 34. Ng2 Ba5 35. R3c2 c3 36. Nf4 h4 37. Qg4+ Rg5 38.
Qe2 hxg3 39. hxg3 Rh8 40. e4 Re5 41. f3 Rg5 42. Kg2 Qd6 43. Qe3 Bb6 44. e5
Bxe3 0-1

[Event "Tata Steel India Blitz"]
[Site "Kolkata IND"]
[Date "2021.11.20"]
[EventDate "2021.11.20"]
[Round "4"]
[Result "1/2-1/2"]
[White "D Gukesh"]
[Black "S Shankland"]
[WhiteElo "2621"]
[BlackElo "2708"]
[PlyCount "128"]

1. d4 Nf6 2. c4 e6 3. Nf3 d5 4. Nc3 c6 5. Bg5 Nbd7 6. e3 Qa5 7. Nd2 Bb4 8.
Rc1 Ne4 9. Ndxe4 dxe4 10. Bf4 Qxa2 11. Qc2 Nb6 12. Bd6 Qa5 13. Bxb4 Qxb4
14. c5 Nd5 15. Ra1 b5 16. Be2 O-O 17. O-O a5 18. Nxe4 e5 19. Ng5 g6 20.
dxe5 a4 21. Rfd1 Qh4 22. Nf3 Qe7 23. Nd4 Bb7 24. Nf3 Rad8 25. Rd4 Bc8 26.
h4 f6 27. exf6 Qxf6 28. Rad1 Rde8 29. Bxb5 Nxe3 30. Bc4+ Nxc4 31. Qxc4+ Be6
32. Qxa4 Bd5 33. R1d3 Re7 34. Qd1 Qe6 35. Re3 Qf6 36. Rxe7 Qxe7 37. b4 Qf6
38. Rd3 Qf4 39. Rxd5 cxd5 40. Qxd5+ Kg7 41. Qd7+ Rf7 42. Qd4+ Qxd4 43. Nxd4
Kf6 44. b5 Ke5 45. b6 Rb7 46. Nb3 Kd5 47. Kf1 Re7 48. f3 Kc6 49. Kf2 Rd7
50. g4 Rd3 51. Nc1 Rc3 52. Ne2 Rxc5 53. Kg3 Kxb6 54. Nf4 Kc6 55. h5 g5 56.
Ne6 Re5 57. Nd8+ Kd7 58. Nf7 Rd5 59. Nh6 Ke6 60. Nf5 Rxf5 61. gxf5+ Kxf5
62. Kg2 Kf4 63. Kf2 h6 64. Kg2 g4 1/2-1/2

[Event "Tata Steel India Blitz"]
[Site "Kolkata IND"]
[Date "2021.11.20"]
[EventDate "2021.11.20"]
[Round "5"]
[Result "1-0"]
[White "Parham Maghsoodloo"]
[Black "D Gukesh"]
[WhiteElo "2706"]
[BlackElo "2621"]
[PlyCount "72"]

1. Nf3 Nf6 2. c4 e6 3. g3 d5 4. b3 Be7 5. Bg2 O-O 6. O-O d4 7. e3 c5 8.
exd4 cxd4 9. Re1 Nc6 10. Ne5 Nxe5 11. Rxe5 Nd7 12. Re1 a5 13. Ba3 Re8 14.
d3 Ra6 15. Bxe7 Qxe7 16. a3 e5 17. Nd2 Nc5 18. Ne4 b6 19. f4 Bf5 20. fxe5
Bxe4 21. Bxe4 Qc7 22. Bd5 Ra7 23. Qf3 Nxb3 24. e6 f6 25. Ra2 Qd6 26. g4
Rae7 27. g5 Rf8 28. Rf2 Nc5 29. h4 Kh8 30. h5 Nxe6 31. Qe4 Rfe8 32. gxf6
gxf6 33. Qf5 Qg3+ 34. Kf1 Ng7 35. Rxe7 Nxf5 36. Rxe8+ 1-0

[Event "Tata Steel India Blitz"]
[Site "Kolkata IND"]
[Date "2021.11.20"]
[EventDate "2021.11.20"]
[Round "7"]
[Result "1/2-1/2"]
[White "L Aronian"]
[Black "D Gukesh"]
[WhiteElo "2782"]
[BlackElo "2621"]
[PlyCount "118"]

1. e4 c5 2. Nf3 Nc6 3. Bb5 g6 4. O-O Bg7 5. d3 Nf6 6. Nc3 O-O 7. e5 Ne8 8.
Bxc6 dxc6 9. h3 Nc7 10. Be3 b6 11. Qd2 Be6 12. Bh6 Bd5 13. Bxg7 Kxg7 14.
Nh2 Be6 15. Qg5 h6 16. Qg3 Qd7 17. Rae1 Bf5 18. Qh4 Nb5 19. Ne2 Rfe8 20. g4
Be6 21. f4 Nd4 22. Nxd4 Qxd4+ 23. Rf2 c4 24. f5 gxf5 25. c3 Qxd3 26. gxf5
Bxf5 27. Rf3 Qd7 28. Ref1 e6 29. Ng4 Bxg4 30. hxg4 Rf8 31. Rf6 Qd2 32. R1f4
Qc1+ 33. Kg2 Qc2+ 34. Rf2 Qe4+ 35. Kg1 Qe1+ 36. Kg2 Qe4+ 37. R2f3 Qc2+ 38.
Kh3 Qh7 39. Kg3 Rad8 40. g5 h5 41. g6 Qh6 42. Rxf7+ Kg8 43. Rxf8+ Rxf8 44.
Rxf8+ Qxf8 45. Qf6 Qxf6 46. exf6 e5 47. Kh4 e4 48. Kxh5 e3 49. Kh6 e2 50.
f7+ Kf8 51. g7+ Kxf7 52. Kh7 e1=Q 53. g8=Q+ Ke7 54. Qxc4 Qb1+ 55. Kg7 Qxb2
56. Qxc6 Qxa2 57. Qc7+ Ke8 58. Qc8+ Ke7 59. Qc7+ Ke8 1/2-1/2

[Event "Tata Steel India Blitz"]
[Site "Kolkata IND"]
[Date "2021.11.20"]
[EventDate "2021.11.20"]
[Round "8"]
[Result "1-0"]
[White "Raunak Sadhwani"]
[Black "D Gukesh"]
[WhiteElo "2609"]
[BlackElo "2621"]
[PlyCount "116"]

1. e4 c5 2. Nf3 Nc6 3. Bb5 g6 4. O-O Bg7 5. Re1 e5 6. Bxc6 dxc6 7. d3 Qe7
8. Nbd2 Nf6 9. Nc4 Nd7 10. a3 a5 11. a4 O-O 12. b3 b6 13. Ba3 Rd8 14. Qe2
Rb8 15. Rad1 Nf8 16. Qe3 Qc7 17. Bb2 f6 18. c3 b5 19. axb5 cxb5 20. Na3 Ne6
21. d4 b4 22. cxb4 cxd4 23. Qe2 Rxb4 24. Rc1 Qb8 25. Nd2 Nf4 26. Qf3 Ba6
27. Nac4 d3 28. Nxa5 Ne2+ 29. Kh1 Nxc1 30. Rxc1 Rc8 31. Nc6 Qc7 32. Ba3
Rbb8 33. h4 Qxc6 34. Rxc6 Rxc6 35. Qe3 h5 36. g3 Kh7 37. Kg2 Rb7 38. f4
exf4 39. gxf4 Rc2 40. Kg3 Bb5 41. Bb4 Ba6 42. Bd6 Bh6 43. b4 Bb5 44. Bc5
Ra2 45. Bd4 Rd7 46. Bc3 Rc7 47. Bd4 Rd7 48. Bxf6 Rf7 49. Be5 Rd7 50. Bc3
Rc7 51. Be5 Rcc2 52. Qb6 Rxd2 53. Qb7+ Kg8 54. Qxb5 Rg2+ 55. Kf3 Raf2+ 56.
Ke3 d2 57. Qe8+ Bf8 58. Qe6+ 1-0

[Event "Tata Steel India Blitz"]
[Site "Kolkata IND"]
[Date "2021.11.20"]
[EventDate "2021.11.20"]
[Round "9"]
[Result "1-0"]
[White "D Gukesh"]
[Black "S Vidit"]
[WhiteElo "2621"]
[BlackElo "2727"]
[PlyCount "70"]

1. d4 Nf6 2. c4 e6 3. Nf3 d5 4. Nc3 Be7 5. Bf4 O-O 6. e3 Nbd7 7. c5 Nh5 8.
Bd3 Nxf4 9. exf4 b6 10. b4 a5 11. a3 c6 12. O-O Ba6 13. g3 Bf6 14. Qe2 Bxd3
15. Qxd3 Ra7 16. Kg2 Qa8 17. Rab1 axb4 18. axb4 Ra3 19. Rfc1 bxc5 20. bxc5
Qa5 21. Ne5 Bxe5 22. fxe5 f6 23. Rb7 Rf7 24. exf6 Nxf6 25. Rb8+ Rf8 26.
Rxf8+ Kxf8 27. Qc2 Qa6 28. Qb2 Kf7 29. Rc2 h6 30. Rd2 g5 31. h3 Ra5 32. Qb1
Ra1 33. Qd3 Qxd3 34. Rxd3 Ra3 35. Re3 Nd7 1-0

[Event "Tata Steel India Blitz"]
[Site "Kolkata IND"]
[Date "2021.11.21"]
[EventDate "?"]
[Round "10.2"]
[Result "1/2-1/2"]
[White "D Gukesh"]
[Black "Dronavalli Harika"]
[WhiteElo "2621"]
[BlackElo "2511"]
[PlyCount "128"]

1. d4 d5 2. Nf3 Nf6 3. c4 c6 4. Nc3 e6 5. Bg5 dxc4 6. e4 b5 7. a4 Qb6 8. axb5 cxb5 9. Be2 Nbd7 10. O-O Bb7 11. d5 exd5 12. exd5 Bb4 13. Nd4 O-O 14. Ndxb5 Bxc3 15. Nxc3 Qxb2 16. Rb1 Qxc3 17. Rxb7 a5 18. d6 a4 19. Rc7 a3 20. Bxc4 Qe5 21. Bxf6 Nxf6 22. Re1 Qa5 23. Ba2 Rad8 24. Ree7 Kh8 25. h3 Qb4 26. Rc6 Qb2 27. Re2 Qb4 28. Rc4 Qxd6 29. Qa4 Qd1+ 30. Qxd1 Rxd1+ 31. Kh2 Ra8 32. Rec2 Rdd8 33. Rc7 Rf8 34. Rb7 h6 35. Rc3 Ne4 36. Rf3 Nf6 37. Rbb3 Ra5 38. Rxa3 Rxa3 39. Rxa3 g6 40. Ra7 Kg7 41. Rc7 h5 42. h4 Ng8 43. Kg3 Nh6 44. Kf4 Ra8 45. Bc4 Ra5 46. f3 Rf5+ 47. Kg3 Ra5 48. Kh3 Ra3 49. Kh2 Rc3 50. Rc6 Rc1 51. Bd5 Rxc6 52. Bxc6 Nf5 53. Kh3 Kf6 54. Bd5 Ne7 55. Bb3 Nf5 56. g4 hxg4+ 57. fxg4 Nd4 58. Bc4 Nc6 59. Kg3 Ne5 60. g5+ Kg7 61. Bd5 f6 62. Kf4 fxg5+ 63. Kxe5 gxh4 64. Ke4 1/2-1/2

[Event "Tata Steel India Blitz"]
[Site "Kolkata IND"]
[Date "2021.11.21"]
[EventDate "?"]
[Round "12.3"]
[Result "0-1"]
[White "D Gukesh"]
[Black "Nihal Sarin"]
[WhiteElo "2621"]
[BlackElo "2650"]
[PlyCount "126"]

1. d4 Nf6 2. c4 e6 3. Nf3 d5 4. Nc3 dxc4 5. e4 Bb4 6. Bg5 c5 7. Bxc4 cxd4 8. Nxd4 Bxc3+ 9. bxc3 Qa5 10. Nb5 Nxe4 11. Qd4 O-O 12. Qxe4 a6 13. O-O axb5 14. Bd3 f5 15. Qe2 Nc6 16. Bxb5 e5 17. a4 Kh8 18. Rfe1 e4 19. Qe3 Be6 20. Bf4 Rad8 21. h4 Bf7 22. Qc5 Bh5 23. Rab1 h6 24. Bd6 Rf6 25. Bxc6 Qxc5 26. Bxc5 Rxc6 27. Bd4 Rd7 28. Rb5 Bg6 29. Reb1 Rcc7 30. a5 Rf7 31. Be5 Rcd7 32. Bf4 Kh7 33. Rb6 Bh5 34. Kh2 Be2 35. Kg3 Rd3+ 36. Kh2 Rdd7 37. Kg3 Ba6 38. Rd6 Rxd6 39. Bxd6 g5 40. hxg5 hxg5 41. Rd1 f4+ 42. Kh2 Kg6 43. Bc5 Rc7 44. Rd6+ Kh5 45. Bd4 Kg4 46. Kg1 Rh7 47. Rd5 Rf7 48. Re5 Bd3 49. Bc5 Rf5 50. Rxf5 Kxf5 51. Bd4 Ke6 52. Bb6 Kd5 53. Bd8 g4 54. Bc7 e3 55. Bxf4 e2 56. Bd2 Kc4 57. Kh2 Kb3 58. f3 Kc2 59. Be1 Kd1 60. Bg3 gxf3 61. gxf3 e1=Q 62. Bxe1 Kxe1 63. Kg3 Kd2 0-1

[Event "Tata Steel India Blitz"]
[Site "Kolkata IND"]
[Date "2021.11.21"]
[EventDate "?"]
[Round "14.2"]
[Result "1-0"]
[White "D Gukesh"]
[Black "Parham Maghsoodloo"]
[WhiteElo "2621"]
[BlackElo "2706"]
[PlyCount "102"]

1. d4 f5 2. c4 Nf6 3. g3 e6 4. Bg2 c6 5. Nf3 d5 6. O-O Bd6 7. b3 O-O 8. Ba3 Bxa3 9. Nxa3 a5 10. Nc2 Nbd7 11. Nce1 Ne4 12. Nd3 a4 13. Qc2 Qe7 14. b4 Nb6 15. c5 Nc4 16. a3 Ng5 17. Nfe5 Nxe5 18. dxe5 Nf7 19. f4 g5 20. e3 h5 21. Nb2 h4 22. Nxa4 Kg7 23. Nc3 Bd7 24. Kf2 Rh8 25. a4 d4 26. exd4 hxg3+ 27. hxg3 gxf4 28. gxf4 Rh2 29. Qd3 Nh6 30. Qg3+ Ng4+ 31. Ke2 Rah8 32. Rh1 Be8 33. Rxh2 Rxh2 34. Rh1 Rxh1 35. Bxh1 Qd8 36. Kd3 Bg6 37. Kc4 Qa8 38. Bf3 Qa6+ 39. b5 cxb5+ 40. axb5 Qa1 41. Bxg4 fxg4 42. Qxg4 Kf7 43. Qg5 Qf1+ 44. Kb4 Bf5 45. Qf6+ Kg8 46. Qd8+ Kh7 47. Qd7+ Kg6 48. c6 bxc6 49. bxc6 Qa6 50. c7 Qb6+ 51. Nb5 1-0

[Event "Tata Steel India Blitz"]
[Site "Kolkata IND"]
[Date "2021.11.21"]
[EventDate "?"]
[Round "16.5"]
[Result "0-1"]
[White "D Gukesh"]
[Black "Levon Aronian"]
[WhiteElo "2621"]
[BlackElo "2782"]
[PlyCount "76"]

1. d4 d5 2. c4 dxc4 3. e3 Nf6 4. Bxc4 e6 5. Nf3 a6 6. O-O c5 7. Re1 Nc6 8. Nc3 b5 9. Bd3 Bb7 10. a4 b4 11. Ne4 Na5 12. Nxf6+ gxf6 13. e4 cxd4 14. Nxd4 Rc8 15. Be3 Nc4 16. Bxc4 Rxc4 17. f3 Bd6 18. Qe2 Rc7 19. Red1 Qe7 20. Nb3 O-O 21. Rd2 f5 22. Rad1 Be5 23. Bb6 fxe4 24. Bxc7 Qxc7 25. Rd7 exf3 26. gxf3 Qb6+ 27. Kh1 Bf6 28. a5 Qc6 29. R7d3 Kh8 30. Qe3 Rg8 31. Nc5 Ba8 32. Ne4 Be7 33. Qd4+ f6 34. Re3 e5 35. Qd2 f5 36. Rc1 Qh6 37. Qe2 fxe4 38. fxe4 Bxe4+ 0-1

[Event "Tata Steel India Blitz"]
[Site "Kolkata IND"]
[Date "2021.11.21"]
[EventDate "?"]
[Round "17.4"]
[Result "0-1"]
[White "D Gukesh"]
[Black "Raunak Sadhwani"]
[WhiteElo "2621"]
[BlackElo "2609"]
[PlyCount "122"]

1. d4 g6 2. c4 Bg7 3. Nf3 d6 4. Nc3 f5 5. g3 Nf6 6. Bg2 O-O 7. O-O c6 8. Qc2 Na6 9. Rb1 Qe8 10. b4 e5 11. b5 Nc7 12. bxc6 bxc6 13. dxe5 dxe5 14. Ba3 e4 15. Bxf8 Bxf8 16. Nd4 Ne6 17. e3 Ng4 18. h3 Ne5 19. Nxe4 fxe4 20. Qxe4 Ng5 21. Qh4 Be7 22. Qf4 Ngf7 23. h4 Ba6 24. Rfd1 Rd8 25. Qe4 Bf8 26. Nxc6 Rxd1+ 27. Rxd1 Qxc6 28. Qxc6 Nxc6 29. Bxc6 Bxc4 30. Bd5 Bb5 31. Rb1 a6 32. a4 Bxa4 33. Rb7 Be8 34. e4 Bd6 35. Rb6 Be7 36. Rxa6 Kf8 37. Ra8 Nd8 38. Kg2 h6 39. e5 g5 40. hxg5 hxg5 41. Kf3 Bh5+ 42. Ke4 Bg6+ 43. Kd4 g4 44. Be6 Bh5 45. Ke4 Kg7 46. Bf5 Be8 47. Ra7 Kf8 48. Bxg4 Bc5 49. Ra2 Bc6+ 50. Kf5 Bd7+ 51. Kf4 Bc6 52. Rc2 Bb6 53. Bf3 Ne6+ 54. Kg4 Bxf3+ 55. Kxf3 Nd4+ 56. Ke4 Nxc2 57. f4 Kf7 58. f5 Bd8 59. g4 Bg5 60. Kd5 Ne3+ 61. Kd6 Nxg4 0-1

[Event "Tata Steel India Blitz"]
[Site "Kolkata IND"]
[Date "2021.11.21"]
[EventDate "?"]
[Round "11.1"]
[Result "0-1"]
[White "Quang Liem Le"]
[Black "D Gukesh"]
[WhiteElo "2709"]
[BlackElo "2621"]
[PlyCount "106"]

1. d4 Nf6 2. Nf3 d5 3. c3 Bg4 4. Qb3 Qc8 5. Ne5 Bf5 6. Bf4 e6 7. h3 Nbd7 8. e3 Nxe5 9. Bxe5 Nd7 10. Bg3 Bd6 11. Bxd6 cxd6 12. Nd2 O-O 13. Be2 a6 14. a4 Qc7 15. a5 h6 16. O-O Nf6 17. Rfc1 Rfc8 18. c4 Ne4 19. Qb4 Nxd2 20. Qxd2 dxc4 21. Rxc4 Qd7 22. Rac1 Be4 23. Qc3 Rxc4 24. Qxc4 Bc6 25. Bg4 Qe7 26. Qe2 Qg5 27. Bf3 Qxa5 28. Bxc6 Rc8 29. d5 exd5 30. Qg4 Qd8 31. Ra1 Rxc6 32. Rd1 Qf6 33. b4 Rc2 34. Qg3 Qe5 35. Qxe5 dxe5 36. Rxd5 Rb2 37. Rd8+ Kh7 38. Rd7 Rxb4 39. Rxf7 a5 40. Rf5 Rb5 41. Rf8 a4 42. Ra8 Rb1+ 43. Kh2 b5 44. Ra5 Rb3 45. Kg3 a3 46. Kf3 b4 47. Ke4 Rb2 48. f4 exf4 49. exf4 a2 50. g4 b3 51. g5 hxg5 52. fxg5 Rb1 53. Kd4 0-1

[Event "Tata Steel India Blitz"]
[Site "Kolkata IND"]
[Date "2021.11.21"]
[EventDate "?"]
[Round "13.4"]
[Result "0-1"]
[White "Sam Shankland"]
[Black "D Gukesh"]
[WhiteElo "2708"]
[BlackElo "2621"]
[PlyCount "70"]

1. e4 c5 2. Nf3 Nc6 3. d4 cxd4 4. Nxd4 Nf6 5. Nc3 e5 6. Ndb5 d6 7. Bg5 a6 8. Na3 b5 9. Nd5 Be7 10. Bxf6 Bxf6 11. c3 Bg5 12. Nc2 Rb8 13. a3 O-O 14. h4 Bh6 15. g4 Bf4 16. Qf3 a5 17. Be2 Be6 18. Nxf4 exf4 19. Qxf4 b4 20. axb4 axb4 21. Nd4 Ne5 22. Qg3 bxc3 23. bxc3 Qc8 24. g5 Rb2 25. O-O Qc5 26. Rfd1 Bc4 27. Bxc4 Qxc4 28. Ra5 Rfb8 29. h5 Kh8 30. Nf3 Qe2 31. Rxd6 Nxf3+ 32. Kg2 Ne1+ 33. Kg1 Rb1 34. Ra1 Rxa1 35. Rd1 Raa8 0-1

[Event "Tata Steel India Blitz"]
[Site "Kolkata IND"]
[Date "2021.11.21"]
[EventDate "?"]
[Round "18.3"]
[Result "0-1"]
[White "Santosh Gujrathi Vidit"]
[Black "D Gukesh"]
[WhiteElo "2727"]
[BlackElo "2621"]
[PlyCount "158"]

1. d4 Nf6 2. c4 g6 3. g3 Bg7 4. Bg2 O-O 5. Nc3 d6 6. Nf3 Nbd7 7. O-O e5 8. e4 c6 9. Be3 Ng4 10. Bg5 Qb6 11. h3 exd4 12. Na4 Qa6 13. hxg4 b5 14. Be7 Re8 15. Bxd6 bxa4 16. e5 Qxc4 17. Qxd4 Ba6 18. Rfe1 Nxe5 19. Bxe5 Rxe5 20. Rxe5 Qxd4 21. Nxd4 Bxe5 22. Nxc6 Bxb2 23. Rb1 Bf6 24. Ne7+ Bxe7 25. Bxa8 Bc4 26. Rb7 Bf8 27. Rxa7 a3 28. Be4 Bxa2 29. g5 Bc4 30. Bb1 Bd6 31. Ra4 Be6 32. Ra6 Bc5 33. Ra5 Be7 34. f4 Bb4 35. Ra4 Bc5+ 36. Kf1 Bb3 37. Ra8+ Kg7 38. Ke2 h6 39. gxh6+ Kxh6 40. Ra5 Bb4 41. Ra7 Kh5 42. Kf3 Bd5+ 43. Be4 Bb3 44. Bb1 Bd5+ 45. Be4 Be6 46. Kg2 a2 47. f5 gxf5 48. Bxf5 Bd5+ 49. Kh2 Bc3 50. Be4 Be6 51. Bf5 a1=Q 52. Rxa1 Bxa1 53. Be4 Kg5 54. Kg2 Be5 55. Bc6 Bg4 56. Bd5 f6 57. Be4 Kh6 58. Bd5 Kg7 59. Be4 Kf7 60. Kf2 Ke6 61. Bb7 Kd6 62. Be4 Kc5 63. Bb7 Kd4 64. Bc6 Kd3 65. Bb7 Kd2 66. Bc6 Bd4+ 67. Kg2 Ke1 68. Be4 Ke2 69. Bd5 Be5 70. Bc4+ Ke3 71. Bd5 Bf5 72. Bf7 Be4+ 73. Kh3 Kf2 74. Kg4 Bxg3 75. Be6 Be5 76. Bd7 Bf3+ 77. Kf5 Kg3 78. Bb5 Bg4+ 79. Ke4 Bb8 0-1

[Event "World Blitz 2021"]
[Site "Warsaw POL"]
[Date "2021.12.30"]
[EventDate "2021.12.29"]
[Round "15.18"]
[Result "1/2-1/2"]
[White "Ivan Cheparinov"]
[Black "D Gukesh"]
[WhiteElo "2664"]
[BlackElo "2614"]
[PlyCount "278"]

1. d4 Nf6 2. c4 e6 3. Nf3 d5 4. g3 Bb4+ 5. Bd2 Be7 6. Bg2 O-O 7. O-O Nbd7 8. Qc2
c6 9. Rd1 a5 10. Bf4 Ne4 11. Nbd2 f5 12. h4 h6 13. Be3 Qe8 14. Ne5 Bd6 15. Ndf3
Ndf6 16. Rac1 Nh5 17. Bd2 Bd7 18. a4 Nhf6 19. Be1 g5 20. Nxd7 Nxd7 21. hxg5 hxg5
22. Qb3 Ra7 23. e3 Qh5 24. Qd3 Rf7 25. cxd5 exd5 26. Rc2 Rh7 27. Kf1 Ndf6 28.
Ne5 c5 29. f3 c4 30. Qe2 Nc5 31. dxc5 Bxe5 32. f4 Bc7 33. Qxh5 Rxh5 34. Bxd5+
Kh7 35. Bxc4 Ra8 36. Bd3 Kg6 37. c6 Rah8 38. cxb7 Bb8 39. Rg2 Ng4 40. Ke2 Re8
41. Bf2 Rh7 42. Bb5 Re6 43. Rd7 Rxd7 44. Bxd7 Rb6 45. Bb5 Rxb7 46. Rg1 Rc7 47.
Bd3 Ba7 48. Rd1 Re7 49. Bb5 Bxe3 50. Bxe3 Rxe3+ 51. Kf1 Rxg3 52. Rd6+ Kh5 53.
fxg5 Kxg5 54. Be2 Nf6 55. Ra6 Rb3 56. Rxa5 Ne4 57. Rb5 Re3 58. a5 Kf4 59. Bd1
Kg3 60. Be2 Nd2+ 61. Ke1 Nf3+ 62. Kd1 Rxe2 63. Rxf5 Rxb2 64. Kc1 Ra2 65. Kb1 Ra4
66. Kb2 Nd4 67. Rd5 Kf4 68. a6 Ke4 69. Rd8 Rxa6 70. Re8+ Kd3 71. Rd8 Rb6+ 72.
Kc1 Rb7 73. Rd6 Kc3 74. Rd8 Ra7 75. Rc8+ Kd3 76. Kb2 Rb7+ 77. Ka3 Ne2 78. Rd8+
Kc2 79. Ka4 Nc3+ 80. Ka5 Rb5+ 81. Ka6 Kb3 82. Rd6 Rf5 83. Kb6 Kc4 84. Kc6 Nb5
85. Rh6 Nd4+ 86. Kd6 Ra5 87. Rh4 Rd5+ 88. Ke7 Kc5 89. Kf7 Nf5 90. Rh1 Kd6 91.
Kf6 Ne7 92. Rf1 Rh5 93. Rd1+ Nd5+ 94. Kg6 Re5 95. Ra1 Nf4+ 96. Kf6 Nd5+ 97. Kg6
Re2 98. Ra8 Rf2 99. Rd8+ Ke6 100. Re8+ Ne7+ 101. Kg5 Rf7 102. Ra8 Ke5 103. Kg4
Rf4+ 104. Kg5 Rf1 105. Ra5+ Nd5 106. Kg4 Ke4 107. Ra4+ Ke5 108. Ra5 Rf8 109. Kg3
Rf7 110. Kg2 Ke4 111. Ra4+ Kd3 112. Ra3+ Ke4 113. Ra4+ Ke5 114. Ra5 Rf4 115. Kg3
Rd4 116. Kf3 Rd3+ 117. Kg4 Ke4 118. Ra4+ Ke5 119. Ra5 Rb3 120. Kh4 Ke4 121. Ra4+
Kf5 122. Ra5 Rd3 123. Rb5 Kf4 124. Ra5 Nc3 125. Kh5 Rd6 126. Rg5 Ne4 127. Rg4+
Kf5 128. Rg1 Rd8 129. Rf1+ Ke5 130. Ra1 Rg8 131. Ra7 Kf5 132. Ra5+ Kf4 133. Kh6
Nd6 134. Kh7 Rg1 135. Ra4+ Ke5 136. Ra6 Nf5 137. Ra5+ Kf6 138. Ra6+ Kf7 139.
Ra7+ 1/2-1/2

[Event "58th ch-IND 2022"]
[Site "Kanpur IND"]
[Date "2022.02.25"]
[EventDate "?"]
[Round "1.7"]
[Result "1-0"]
[White "D Gukesh"]
[Black "Islam Bora Imtiaz"]
[WhiteElo "2614"]
[BlackElo "2004"]
[PlyCount "38"]

1. d4 Nf6 2. c4 g6 3. Nc3 Bg7 4. e4 d6 5. h3 O-O 6. Be3 e5 7. d5 Na6 8. Nf3 Nh5 9. g3 f5 10. exf5 gxf5 11. Nh4 Nf6 12. Bd3 f4 13. gxf4 exf4 14. Bd4 Qe7+ 15. Kd2 Nc5 16. Rg1 Nxd3 17. Kxd3 f3 18. Qe1 Qd8 19. Ne4 1-0